000 00858nam a2200253Ia 4500
003 OSt
005 20220923215511.0
006 a|||||r|||| 00| 0
007 ta
008 220922b |||||||| |||| 00| 0 hin d
024 _a179,338
037 _cTextual
040 _aARTS
_cARTS
_bhin
041 _2hin
_ahin
082 _aO152,1I83:g(S), L6
100 _aआत्रेय, कमला
245 0 _aआधुनिक मनोविज्ञान और सूर काव्य
246 _aĀdhunik hinovijnyān aur sūr kāvya
260 _aसाहिबाबाद
_b विभू प्रकाशन
_c1976
300 _a276 पृ.
_ccm.
650 _aहिन्दी साहित्य
_9156264
942 _hO152,1I83:g(S), L6
_cTEXL
_2CC
999 _c332719
_d332719